LEADER 01568cam1-2200409---450 001 990001975990203316 005 20240611141728.0 035 $a000197599 035 $aUSA01000197599 035 $a(ALEPH)000197599USA01 035 $a000197599 100 $a20040902g17871794km-y0itay5003----ba 101 0 $aita 102 $aIT 140 $ac y yyy 1010 200 1 $aStoria della letteratura italiana del cavaliere abate Girolamo Tiraboschi ... Tomo 1. [- 8. parte 2.] 205 $aSeconda edizione modenese riveduta corretta ed accresciuta dall'autore 210 $aIn Modena$cpresso la Società tipografica$d1787-1794 215 $a9 volumi in 16$d4° 300 $aL'indicazione di ed. precede il numero di volume 300 $aIl vol. 9 contiene l'Indice generale 306 $aMarca non controllata sui frontespizi 307 $aTestatine e iniziali xilografici 317 $aTimbro di Emilio Dina, via Mercanti 2, Torino sui frontespizi$5SA0186 : FA.IV.C. 48 1-9 349 $aPutto con fiaccola: Novissimus exit 620 $aItalia$dModena 700 1$aTIRABOSCHI,$bGirolamo$f<1731-1794>$0181075 712 02$aSocietà tipografica$c$c[editore] 801 0$aIT$bsalbc$gISBD 912 $a990001975990203316 951 $aFA.IV.C. 48/ (A 805/ )$bL.M.$cFA.IV. 959 $aA 969 $aANT 979 $aSIAV5$b10$c20040902$lUSA01$h1302 979 $aSIAV5$b10$c20040902$lUSA01$h1530 996 $aStoria della letteratura italiana del cavaliere abate Girolamo Tiraboschi ... Tomo 1.$94162889 997 $aUNISA LEADER 01780nam0 2200385 i 450 001 PUV0347160 005 20251003044312.0 010 $a8821409112 020 $aIT$b98-8991 100 $a19980119d1997 ||||0itac50 ba 101 | $aita 102 $ait 181 1$6z01$ai $bxxxe 182 1$6z01$an 200 1 $aImpianti di climatizzazione per l'edilizia$edal progetto al collaudo$fa cura di Gaetano Alfano, Marco Filippi, Evandro Sacchi 210 $aMilano$cMasson$d1997 215 $aXV, 835 p$cill.$d30 cm. 606 $aImpianti per aria condizionata$2FIR$3CFIC000246$9I 606 $aImpianti di condizionamento$2FIR$3LO1C256107$9I 676 $a697$9Ingegneria del riscaldamento, dell'aerazione, del condizionamento d'aria$v21 676 $a697.9$9Aerazione e condizionamento d'aria$v14 676 $a697.93$9Aerazione e condizionamento d'aria. Condizionamento d'aria$v22 696 $aImpianti per aria condizionata 699 $aImpianti di condizionamento$zImpianti per aria condizionata 702 1$aFilippi$b, Marco$3CFIV011111 702 1$aAlfano$b, Gaetano$3CFIV023262 702 1$aSacchi$b, Evandro$3CFIV038345 801 3$aIT$bIT-000000$c19980119 850 $aIT-BN0095 901 $bNAP 01$cSALA DING $n$ 912 $aPUV0347160 950 0$aBiblioteca Centralizzata di Ateneo$b1 v. (2. copia)$c1 v. in due copie$d 01SALA DING 697.9 IMPDCP$e 0102 0000074585 VMA A4 1 v.$fY $h20091028$i20091028$b1 v. (2. copia)$c1 v. in due copie$d 01SALA DING 697.9 IMPDCP$e 0102 0000074595 VMA A4(bis 1 v. (2. copia)$fY $h20091028$i20091028 977 $a 01 996 $aImpianti di climatizzazione per l'edilizia$955955 997 $aUNISANNIO